Intermediate Perl / (Record no. 126)

MARC details
000 -LEADER
fixed length control field 01431cam a22003737a 4500
001 - CONTROL NUMBER
control field 14574710
005 - DATE AND TIME OF LATEST TRANSACTION
control field 20200421093820.0
008 - FIXED-LENGTH DATA ELEMENTS--GENERAL INFORMATION
fixed length control field 060928s2006 cc a 001 0 eng d
010 ## - LIBRARY OF CONGRESS CONTROL NUMBER
LC control number 2006283805
020 ## - INTERNATIONAL STANDARD BOOK NUMBER
International Standard Book Number 0596102062
020 ## - INTERNATIONAL STANDARD BOOK NUMBER
International Standard Book Number 9780596102067
035 ## - SYSTEM CONTROL NUMBER
System control number (OCoLC)ocm64666983
040 ## - CATALOGING SOURCE
Original cataloging agency VYR
Transcribing agency VYR
Modifying agency BAKER
-- JRZ
-- NLGGC
-- DLC
042 ## - AUTHENTICATION CODE
Authentication code lccopycat
050 00 - LIBRARY OF CONGRESS CALL NUMBER
Classification number QA76.73.P22
Item number S368 2006
082 04 - DEWEY DECIMAL CLASSIFICATION NUMBER
Classification number 005.133
Edition information 22
084 ## - OTHER CLASSIFICATION NUMBER
Classification number 54.53
Number source bcl
100 1# - MAIN ENTRY--PERSONAL NAME
Personal name Schwartz, Randal L.
9 (RLIN) 147
245 10 - TITLE STATEMENT
Title Intermediate Perl /
Statement of responsibility, etc. Randal L. Schwartz, Brian D. Foy, and Tom Phoenix ; [foreword by Damian Conway].
250 ## - EDITION STATEMENT
Edition statement 2nd ed.
260 ## - PUBLICATION, DISTRIBUTION, ETC.
Place of publication, distribution, etc. Beijing ;
-- Sebastopol, CA :
Name of publisher, distributor, etc. O'Reilly,
Date of publication, distribution, etc. c2006
300 ## - PHYSICAL DESCRIPTION
Extent xix, 256 p. :
Other physical details ill. ;
Dimensions 24 cm.
500 ## - GENERAL NOTE
General note "Beyond the basics of learning Perl"--Cover.
500 ## - GENERAL NOTE
General note Includes index.
650 #0 - SUBJECT ADDED ENTRY--TOPICAL TERM
Topical term or geographic name entry element Perl (Computer program language)
9 (RLIN) 19
650 17 - SUBJECT ADDED ENTRY--TOPICAL TERM
Topical term or geographic name entry element Object-georiƫnteerd programmeren.
Source of heading or term gtt
9 (RLIN) 1522
700 1# - ADDED ENTRY--PERSONAL NAME
Personal name Foy, Brian D.
9 (RLIN) 148
700 1# - ADDED ENTRY--PERSONAL NAME
Personal name Phoenix, Tom.
9 (RLIN) 149
856 42 - ELECTRONIC LOCATION AND ACCESS
Materials specified Publisher description
Uniform Resource Identifier <a href="http://www.loc.gov/catdir/enhancements/fy0715/2006283805-d.html">http://www.loc.gov/catdir/enhancements/fy0715/2006283805-d.html</a>
856 42 - ELECTRONIC LOCATION AND ACCESS
Materials specified Contributor biographical information
Uniform Resource Identifier <a href="http://www.loc.gov/catdir/enhancements/fy0912/2006283805-b.html">http://www.loc.gov/catdir/enhancements/fy0912/2006283805-b.html</a>
906 ## - LOCAL DATA ELEMENT F, LDF (RLIN)
a 7
b cbc
c copycat
d 2
e ncip
f 20
g y-gencatlg
942 ## - ADDED ENTRY ELEMENTS (KOHA)
Source of classification or shelving scheme Dewey Decimal Classification
Koha item type Books
Holdings
Withdrawn status Lost status Damaged status Not for loan Collection Home library Current library Shelving location Date acquired Barcode Date last seen Price effective from Koha item type
        Reference Centerville Centerville General stacks 09/04/2014 39999000005134 09/04/2014 09/04/2014 Books
        Reference Fairview Fairview General stacks 09/04/2014 39999000005110 09/04/2014 09/04/2014 Books
        Reference Fairview Fairview General stacks 09/04/2014 39999000005158 09/04/2014 09/04/2014 Books
        Reference Midway Midway General stacks 09/04/2014 39999000005097 09/04/2014 09/04/2014 Books